000 00759nam a2200229Ii 4500
003 JO-AjNU
008 230605s9999||||xx |||||||||||||| ||und||
017 _a99/15921
020 _a977-5532-89-2
040 _aJO-AjNU
_bara
_erda
_cJO-AjNU
041 _aara
050 1 4 _aK7340.2008
100 3 _aمحمود، عصام حنفي,
_eauthor
_932328
245 0 0 _aالقانون التجاري : الأعمال التجارية - التاجر - المحل التجاري، الجزء الأول
250 _a(د،ط)
264 3 1 _aد ، م : د ، ن ، 2007-2008
300 _aج1، 371ص
336 _atext
_btxt
_2rdacontent
337 _aunmediated
_bn
_2rdamedia
338 _avolume
_bnc
_2rdacarrier
650 4 _aقانون تجاري
_932329
999 _aA13038
_c16606
_d16606